000 00532nam a2200193 a 4500
005 20240316063800.0
008 040120m19801994mx r 000 0 spa d
020 _a9681603702
035 _aUPN01000131411
049 _aCG
050 4 _aB29
_bN5.7
100 1 _aNicol, Eduardo,
_d1907-1990
_929437
245 1 3 _aLa reforma de la filosofía /
_cEduardo Nicol.
260 _aMéxico :
_bFCE,
_c1980 (1994 impr.).
300 _a333 p.
440 0 _aSección de obras de filosofía
650 4 _aFilosofía
_95327
905 _aLibro
999 _c103566
_d103566